000 00242 a2200085 4500
020 _a9789383419067
100 _aMeenakshi Singhal
245 _aPlanning of Towns and Cities: Past Approaches and Current Practices
260 _bCopal publishing
_c2021
999 _c11105
_d11105